| 000 | 00387nam a2200157Ia 4500 | ||
|---|---|---|---|
| 008 | 230524s9999 xx 000 0 und d | ||
| 082 |
_a660.6092 _bIND |
||
| 100 |
_aA.Indrayan _923627 |
||
| 245 | 0 | _aBasic Methods of Medical Research | |
| 250 | _a1ST | ||
| 260 |
_aNEW DELHI _bAITBs _c2006 |
||
| 300 | _aIII;362 | ||
| 500 | _aQuantity Number: 1 | ||
| 650 | _aBiomedical | ||
| 942 | _cBK | ||
| 999 |
_c35176 _d35176 |
||